| 000 | 00798nam a2200253 i 4500 | ||
|---|---|---|---|
| 001 | 11538 | ||
| 003 | ES-MaACL | ||
| 005 | 20240512063029.0 | ||
| 007 | t| | ||
| 008 | 960130s1995 sp ||||0| spa d | ||
| 020 | _a84-7517-451-5 | ||
| 080 | _a821.134.3-1"19" | ||
| 100 | 1 |
_aAndrade, Eugénio de, _d1923-2005 _921508 |
|
| 245 | 1 | 0 |
_aOficio de paciencia / _cEugénio de Andrade ; traducción de José Luis Puerto. |
| 250 | _aEd. bilingüe. | ||
| 260 |
_aMadrid : _bHiperión, _c1995. |
||
| 300 |
_a114 p : _b1 retr. ; _c20 cm. |
||
| 490 | 1 |
_aPoesía Hiperión ; _v260 |
|
| 546 | _aTexto portugués y traducción española. | ||
| 700 | 1 |
_aPuerto, José Luis. _994188 |
|
| 830 | 0 |
_aPoesía Hiperión ; _v260 _9177326 |
|
| 852 |
_aES-MaACL _jL-18862 |
||
| 999 |
_c11538 _d11538 |
||